The age of sacred terror : radical Islam's war against America (Record no. 406219)

MARC details
000 -LEADER
fixed length control field 00310nam a2200097Ia 4500
082 ## - DEWEY DECIMAL CLASSIFICATION NUMBER
Classification number 303.6250882971 BENJ
008 - FIXED-LENGTH DATA ELEMENTS--GENERAL INFORMATION
fixed length control field 210817s9999 xx 000 0 und d
100 ## - MAIN ENTRY--PERSONAL NAME
Personal name BENJAMIN, Daniel New York, 2003
9 (RLIN) 96569
245 #0 - TITLE STATEMENT
Title The age of sacred terror : radical Islam's war against America
942 ## - ADDED ENTRY ELEMENTS
item type Books

No items available.